| 000 | 01804nam a2200457Ii 4500 | ||
|---|---|---|---|
| 001 | DIGEPUJ0155 | ||
| 003 | NyNyDIG | ||
| 008 | 190126s2018 ck ob 000 0 spa d | ||
| 006 | m o d | ||
| 007 | cr ||||||||||| | ||
| 035 | _a(OCoLC)1083593805 | ||
| 040 |
_aDGITA _beng _erda _epn _cDGITA |
||
| 020 |
_a9789587812404 _q(eBook ; _qePub) |
||
| 020 |
_a9587812409 _q(eBook ; _qePub) |
||
| 020 |
_a9789587812398 _q(eBook ; _qpdf) |
||
| 020 |
_a9587812395 _q(eBook ; _qpdf) |
||
| 043 | _as-ck--- | ||
| 050 | 1 | 4 | _aRA971.32 ebook |
| 082 | 0 | 4 | _a362.109861 |
| 100 | 1 |
_aCortés Martínez, Ariel Emilio, _eauthor. |
|
| 245 | 1 | 3 |
_aEl sistema de salud colombiano : _bgrupos relacionados de diagnóstico / _cAriel Emilio Cortés Martínez, Francisco José Yepes Luján, Sandra Milena Agudelo-Londoño, Iouri Gorbanev. |
| 250 | _aPrimera edición. | ||
| 264 | 1 |
_aBogotá, D.C. : _bEditorial Pontificia Universidad Javeriana, _c[2018] |
|
| 336 |
_atext _btxt _2rdacontent |
||
| 337 |
_acomputer _bc _2rdamedia |
||
| 338 |
_aonline resource _bcr _2rdacarrier |
||
| 504 | _aIncludes bibliographical references. | ||
| 588 | 0 | _aOnline resource; title from ePub title page (Digitalia, viewed February 1, 2019) | |
| 650 | 0 |
_aDiagnosis related groups _zColombia. |
|
| 650 | 0 |
_aMedical care _zColombia. |
|
| 650 | 0 |
_aPublic health administration _zColombia. |
|
| 655 | 0 | _aElectronic books. | |
| 700 | 1 |
_aYepes Luján, Francisco, _eauthor. |
|
| 700 | 1 |
_aAgudelo-Londoño, Sandra Milena, _eauthor. |
|
| 700 | 1 |
_aGorbanev, Iouri, _eauthor. |
|
| 791 | 2 |
_aDigitalia (Firm), _edistributor. |
|
| 793 | 0 |
_gDigitalia eBook Collection: _aPontificia Universidad Javeriana. |
|
| 856 | 4 | 0 |
_3Digitalia Hispánica _uhttps://www.digitaliapublishing.com/a/56155/ |
| 910 | _aPremium collection: 2019 | ||
| 942 | _cRAA | ||
| 999 |
_c254549 _d254549 |
||